00250nam a2200097Ia 4500100002400000654001500024245004900039260003900088082001300127546001200140 aRussel S/ Norvig P  aartificial aArtificial intelligence : A Modern approach bPrentice HallaNew Jerseyc1995 a6.3bPAN aENGLISH